000 nam a22 7a 4500
999 _c8725
_d8725
008 180119b ||||| |||| 00| 0 eng d
100 _aPurang.Y.P.
_95078
245 _aEnvironmental Education
260 _aNew delhi
_bArya
_c2009